00000000cas 2200000zi 4500
0019.958938
003CaOODSP
00520260323125823
006m     o  d f      
007cr |||||||||||
008260114c20269999oncux m o    f0###a0eng|d
022 |a3110-9195
040 |aCaOODSP|beng|erda|cCaOODSP
0410 |aeng
043 |an-cn---
0861 |aFB3-8E-PDF
222 0|aStaff analytical paper
24500|aStaff analytical paper = |bdocument analytique du personnel.
24631|aDocument analytique du personnel
264 1|a[Ottawa] : |bBank of Canada = Banque du Canada, |c[2026]-
310 |aIrregular
336 |atext|btxt|2rdacontent
337 |acomputer|bc|2rdamedia
338 |aonline resource|bcr|2rdacarrier
3621 |aBegan with : 202601,
580 |aMerger of: Staff analytical note; Discussion paper; and, Technical report.
7102 |aBank of Canada, |eissuing body.
78000|tStaff analytical note |w(CaOODSP)9.807323
78000|tStaff discussion paper = |w(CaOODSP)9.806273
78000|tTechnical report.|w(CaOODSP)9.505019